|
|
|
|
| LEADER |
00000nab a2200000 a 4500 |
| 001 |
vtls011617495 |
| 003 |
SK-MaSNL |
| 005 |
20260305032023.0 |
| 008 |
170314 2017 xo m 000 0 slo |
| 038 |
|
|
|a PPPK
|
| 040 |
|
|
|a PPPKCL
|b slo
|c PPPK
|e AACR2
|
| 041 |
0 |
|
|a slo
|
| 044 |
|
|
|a xo
|c SK
|
| 080 |
|
|
|a 791.229.2.079
|2 2011
|
| 080 |
|
|
|a 791.43-92
|2 2011
|
| 080 |
|
|
|a 791.65.079
|2 2011
|
| 100 |
1 |
|
|a Jurišicová, Denisa
|4 aut
|9 1097944
|
| 245 |
1 |
0 |
|a Odmyslime si ploty
|c Denisa Jurišicová
|
| 610 |
1 |
7 |
|a Strážky (Spišská Belá, Slovensko : kaštieľ)
|2 pppkcl
|9 32469
|
| 611 |
2 |
7 |
|a Jeden svet
|g festival
|d (2017 :
|c Strážky, Slovensko)
|2 pppkcl
|9 1610828
|
| 648 |
|
7 |
|a 3.3.2017
|2 pppkcl
|9 1087908
|
| 648 |
|
7 |
|a 10.3.2017
|2 pppkcl
|9 1326853
|
| 650 |
0 |
7 |
|a dokumentárne filmy
|2 pppkcl
|9 3400
|
| 650 |
0 |
7 |
|a filmové festivaly a prehliadky
|2 pppkcl
|9 3405
|
| 651 |
|
7 |
|a Strážky (Spišská Belá, Slovensko)
|2 pppkcl
|9 54500
|
| 651 |
|
7 |
|a Kežmarok (Slovensko : okres)
|2 pppkcl
|9 51824
|
| 773 |
0 |
|
|t Spišskobeliansky spravodaj
|g Roč. 15, č. 2 (2017), s. 9
|x 1339-1534
|
| 852 |
|
|
|a PPPK
|b KIS3GCP
|
| 999 |
|
|
|c 3318421
|d 3320351
|